<?xml version="1.0" encoding="UTF-8"?>
<record
    xmlns:xsi="http://www.w3.org/2001/XMLSchema-instance"
    xsi:schemaLocation="http://www.loc.gov/MARC21/slim http://www.loc.gov/standards/marcxml/schema/MARC21slim.xsd"
    xmlns="http://www.loc.gov/MARC21/slim">

  <leader>00461nam a2200169Ia 4500</leader>
  <controlfield tag="003">3228</controlfield>
  <controlfield tag="005">20240509124002.0</controlfield>
  <controlfield tag="008">220630s9999    xx            000 0 und d</controlfield>
  <datafield tag="020" ind1=" " ind2=" ">
    <subfield code="a">9781431406548</subfield>
    <subfield code="q">Paperback</subfield>
  </datafield>
  <datafield tag="040" ind1=" " ind2=" ">
    <subfield code="a">RDA</subfield>
    <subfield code="b">English</subfield>
    <subfield code="c">3228</subfield>
  </datafield>
  <datafield tag="082" ind1=" " ind2=" ">
    <subfield code="a">SWA KF DALY</subfield>
  </datafield>
  <datafield tag="100" ind1=" " ind2=" ">
    <subfield code="a">Daly ,Niki</subfield>
    <subfield code="9">888</subfield>
  </datafield>
  <datafield tag="245" ind1=" " ind2="0">
    <subfield code="a">Umfana wekwelusa</subfield>
  </datafield>
  <datafield tag="260" ind1=" " ind2=" ">
    <subfield code="a">Aucklands Park:</subfield>
    <subfield code="b">Jacana media;</subfield>
    <subfield code="c">2012.</subfield>
  </datafield>
  <datafield tag="300" ind1=" " ind2=" ">
    <subfield code="a">[unnumbered]</subfield>
    <subfield code="b">Colour illustrations</subfield>
    <subfield code="c">25 cm</subfield>
  </datafield>
  <datafield tag="942" ind1=" " ind2=" ">
    <subfield code="c">BK</subfield>
    <subfield code="2">ddc</subfield>
    <subfield code="w">162</subfield>
    <subfield code="x">Elsie Maluleke</subfield>
    <subfield code="y">162</subfield>
    <subfield code="z">Elsie Maluleke</subfield>
  </datafield>
  <datafield tag="999" ind1=" " ind2=" ">
    <subfield code="c">763762</subfield>
    <subfield code="d">763761</subfield>
  </datafield>
  <datafield tag="952" ind1=" " ind2=" ">
    <subfield code="0">0</subfield>
    <subfield code="1">0</subfield>
    <subfield code="2">ddc</subfield>
    <subfield code="4">0</subfield>
    <subfield code="7">0</subfield>
    <subfield code="a">LYDEL</subfield>
    <subfield code="b">LYDBL</subfield>
    <subfield code="c">FIC</subfield>
    <subfield code="d">2024-05-09</subfield>
    <subfield code="l">0</subfield>
    <subfield code="o">SWA KF DALY</subfield>
    <subfield code="p">3322803185787</subfield>
    <subfield code="r">2024-05-09</subfield>
    <subfield code="w">2024-05-09</subfield>
    <subfield code="y">BK</subfield>
  </datafield>
  <datafield tag="952" ind1=" " ind2=" ">
    <subfield code="0">0</subfield>
    <subfield code="1">0</subfield>
    <subfield code="2">ddc</subfield>
    <subfield code="4">0</subfield>
    <subfield code="7">0</subfield>
    <subfield code="a">LYDEL</subfield>
    <subfield code="b">LYDBL</subfield>
    <subfield code="c">FIC</subfield>
    <subfield code="d">2024-05-09</subfield>
    <subfield code="l">0</subfield>
    <subfield code="o">SWA KF DALY</subfield>
    <subfield code="p">3322803185788</subfield>
    <subfield code="r">2024-05-09</subfield>
    <subfield code="w">2024-05-09</subfield>
    <subfield code="y">BK</subfield>
  </datafield>
  <datafield tag="952" ind1=" " ind2=" ">
    <subfield code="0">0</subfield>
    <subfield code="1">0</subfield>
    <subfield code="2">ddc</subfield>
    <subfield code="4">0</subfield>
    <subfield code="7">0</subfield>
    <subfield code="8">F</subfield>
    <subfield code="a">LYDEL</subfield>
    <subfield code="b">MASHL</subfield>
    <subfield code="c">GEN</subfield>
    <subfield code="d">2024-05-10</subfield>
    <subfield code="l">0</subfield>
    <subfield code="o">SWA KF DALY</subfield>
    <subfield code="p">3322810014289</subfield>
    <subfield code="r">2024-05-10</subfield>
    <subfield code="w">2024-05-10</subfield>
    <subfield code="y">BK</subfield>
  </datafield>
  <datafield tag="952" ind1=" " ind2=" ">
    <subfield code="0">0</subfield>
    <subfield code="1">0</subfield>
    <subfield code="2">ddc</subfield>
    <subfield code="4">0</subfield>
    <subfield code="7">0</subfield>
    <subfield code="a">LYDEL</subfield>
    <subfield code="b">SIMIL</subfield>
    <subfield code="d">2024-05-13</subfield>
    <subfield code="l">0</subfield>
    <subfield code="o">SWA KF DALY</subfield>
    <subfield code="p">3322810014293</subfield>
    <subfield code="r">2024-05-13</subfield>
    <subfield code="w">2024-05-13</subfield>
    <subfield code="y">BK</subfield>
  </datafield>
  <datafield tag="952" ind1=" " ind2=" ">
    <subfield code="0">0</subfield>
    <subfield code="1">0</subfield>
    <subfield code="2">ddc</subfield>
    <subfield code="4">0</subfield>
    <subfield code="7">0</subfield>
    <subfield code="a">LYDEL</subfield>
    <subfield code="b">SABIL</subfield>
    <subfield code="c">FIC</subfield>
    <subfield code="d">2024-05-20</subfield>
    <subfield code="l">0</subfield>
    <subfield code="o">SWA KF DALY</subfield>
    <subfield code="p">3322810014294</subfield>
    <subfield code="r">2024-05-20</subfield>
    <subfield code="w">2024-05-20</subfield>
    <subfield code="y">BK</subfield>
  </datafield>
  <datafield tag="952" ind1=" " ind2=" ">
    <subfield code="0">0</subfield>
    <subfield code="1">0</subfield>
    <subfield code="2">ddc</subfield>
    <subfield code="4">0</subfield>
    <subfield code="7">0</subfield>
    <subfield code="a">LYDEL</subfield>
    <subfield code="b">SABIL</subfield>
    <subfield code="c">FIC</subfield>
    <subfield code="d">2024-05-20</subfield>
    <subfield code="l">0</subfield>
    <subfield code="o">SWA KF DALY</subfield>
    <subfield code="p">3322810014271</subfield>
    <subfield code="r">2024-05-20</subfield>
    <subfield code="w">2024-05-20</subfield>
    <subfield code="y">BK</subfield>
  </datafield>
</record>
